000 00373nam a2200145Ia 4500
008 240624s9999 xx 000 0 und d
041 _aeng
082 _a658.45 WIL
100 _aWILLIAMS KRIZAN
245 _aCOMMUNICATING IN BUSINESS
250 _a(8th ed.)
260 _c2014
_aNew Delhi
_bCengage Learning
300 _axxiii, : 712 : p. : cm. ; 26
365 _cRS
_b31
999 _c25040
_d25040